00575nam a2200205 a 4500001001300000003000900013005001700022008004100039020002300080082001500103100002200118245006400140260003200204300000900236500003500245505001000280650003500290650002200325700002200347nice12345678IN_TiNIC20260116013612.0050524s1993 dela grp 000 0 eng  a0670859 c29500a294.5bPAN aPandey, Gyanendra aHindus and Othersb the Question of Identity in India Today aDelhibPenguin Books c1993 a313p aincludes index and biblioraphy2 aIndex aReligious Fundamentalism-Hindu aCommunalism-India1 aPandey, Gyanendra